| 000 | 00486ntaaa2200193 4500 | ||
|---|---|---|---|
| 003 | 01 | ||
| 005 | 20251027202923.0 | ||
| 008 | 0714s1973 ag 01 | ||
| 040 |
_aAR-BaBN _bspa _cAR-BaBN _eaacr _dRIC |
||
| 082 | _a922.0000 V71 | ||
| 100 |
_aVillalpando, Luis _929719 |
||
| 245 | _aJuan R Mott | ||
| 250 | _a1 ed. | ||
| 260 |
_aBuenos Aires : _bAurora, _c1940 |
||
| 300 | _a35 p | ||
| 650 |
_aMott, John R.-biografĂa _929720 |
||
| 650 |
_abiografĂa-Mott, John R. _929721 |
||
| 942 | _cBK | ||
| 999 |
_c24447 _d24447 |
||